UBT Library

Basic healthcare terminology : (Record no. 44630)

000 -LEADER
fixed length control field 00678nam a2200241 a 4500
001 - CONTROL NUMBER
control field 1624528
005 - DATE AND TIME OF LATEST TRANSACTION
control field 20180309091037.0
008 - FIXED-LENGTH DATA ELEMENTS--GENERAL INFORMATION
fixed length control field 950608s1995 moua d 000 0 eng d
010 ## - LIBRARY OF CONGRESS CONTROL NUMBER
LC control number 95166754
020 ## - INTERNATIONAL STANDARD BOOK NUMBER
Cancelled/invalid ISBN 0815191444
International Standard Book Number 0815191448
035 ## - SYSTEM CONTROL NUMBER
System control number (OCoLC)32616890
040 ## - CATALOGING SOURCE
Original cataloging agency CNwCC
Transcribing agency CNwCC
Modifying agency DLC
041 ## - LANGUAGE CODE
Language code of text/sound track or separate title eng
042 ## - AUTHENTICATION CODE
Authentication code lccopycat
080 ## - UNIVERSAL DECIMAL CLASSIFICATION NUMBER
Universal Decimal Classification number 610.14
082 00 - DEWEY DECIMAL CLASSIFICATION NUMBER
Classification number 610.14 WIL
Edition number 20
100 1# - Rafti
Rafti 4
101 ## - Shkurtesa
Shkurtesa SHM
245 10 - TITLE STATEMENT
Title Basic healthcare terminology :
Statement of responsibility, etc R.W. Williams.
906 ## - LOCAL DATA ELEMENT F, LDF (RLIN)
a 7
b cbc
c copycat
d 2
e ncip
f 19
g y-gencatlg
942 ## - ADDED ENTRY ELEMENTS (KOHA)
Source of classification or shelving scheme
Item type Books
Holdings
Withdrawn status Lost status Source of classification or shelving scheme Damaged status Not for loan Collection code Permanent location Current location Shelving location Date acquired Total Checkouts Full call number Barcode Date last seen Price effective from Koha item type
          Koleksioni i përgjithshem UBT - Lipjan UBT - Lipjan Koleksioni i lëndeve mesimore 03/09/2018   610.14 WIL 002-3001505 03/09/2018 03/09/2018 Books
UBT Library © 2015-2024. All rights reserved University Education for Business and Technology